Statistics for Largest U.S. City Starting with Two Consonants by State

Click here to take the quiz!

General Stats

  • This quiz has been taken 45 times
    (12 since last reset)
  • The average score is 17 of 23

Answer Stats

State City % Correct
ArizonaPhoenix
100%
PennsylvaniaPhiladelphia
100%
IllinoisChicago
100%
TennesseeKnoxville
100%
Rhode IslandProvidence
100%
North CarolinaCharlotte
100%
OhioCleveland
100%
UtahProvo
92%
MassachusettsSpringfield
92%
CaliforniaFresno
92%
WashingtonSpokane
83%
South CarolinaCharleston
83%
WisconsinGreen Bay
83%
MichiganGrand Rapids
83%
ConnecticutBridgeport
75%
LouisianaShreveport
58%
TexasPlano
50%
NevadaSparks
42%
VirginiaChesapeake
42%
OklahomaBroken Arrow
42%
OregonGresham
25%
ColoradoThornton
8%

Score Distribution

Percentile by Number Answered

Percent of People with Each Score

Your Score History

You have not taken this quiz since the last reset